Africa.

Bibliographic Details
Uniform Title:Africa (Washington, D.C. : 1966)
Other Authors: Dostert, Pierre Etienne, Cutter, Charles Hickman, 1938-, Dickovick, J. Tyler, 1973-2019
Format: Serial
Language:English
Published: Washington, D.C. : Stryker-Post Publications
Series:World today series.
Subjects:
Online Availability: Check for online availability

MARC

Tag First Indicator Second Indicator Subfields
LEADER 00000cas a2200000 a 4500
001 in00000080342
005 20211029094456.0
008 750915c19669999dcuar 0 a0eng
010 |a  67011537   |z sn 85022403  
035 |a (OCoLC)ocm01625885 
035 |a (OCoLC)01625885 
035 |9 AAJ6918AM 
040 |a DLC  |b eng  |c FUL  |d YUS  |d MUL  |d UCU  |d OCL  |d NSD  |d OCL  |d IUL  |d NST  |d OCL  |d DLC  |d IUL  |d EYM  |d DLC  |d ELM  |d DLC  |d IUL  |d LVB  |d CDS  |d OCLCQ  |d VVW  |d OCLCQ  |d CDS  |d IAD  |d OCLCQ  |d OCLCF  |d OCLCO  |d BDX  |d OCLCA  |d MNA  |d OCLCO  |d OCL  |d IGA  |d NLC  |d OCLCQ  |d QQ3  |d GE8  |d UKMGB  |d OCLCQ  |d OCLCO  |d LD4  |d DCHUA  |d CPO  |d OCLCO  |d OCL  |d OCLCA 
016 |a (AMICUS)000000803117 
016 |a 016698960 
016 7 |a 016698960  |2 Uk 
019 |a 324841  |a 1049195  |a 2260485  |a 31614904  |a 39989207  |a 670529721  |a 1033139337  |a 1114160628 
022 0 |a 0084-2281  |l 0084-2281  |2 1 
029 1 |a AU@  |b 000000964942 
029 1 |a NLC  |b 000000803117 
029 1 |a NZ1  |b 2777783 
029 1 |a UKMGB  |b 016698960 
029 1 |a YDXCP  |b 2250923 
035 |a (OCoLC)1625885  |z (OCoLC)324841  |z (OCoLC)1049195  |z (OCoLC)2260485  |z (OCoLC)31614904  |z (OCoLC)39989207  |z (OCoLC)670529721  |z (OCoLC)1033139337  |z (OCoLC)1114160628 
037 |b Stryker-Post Publications, Inc., 888 17th St., N.W., Washington, D.C. 20006 
042 |a nsdp  |a pcc 
043 |a f------ 
050 0 0 |a DT1  |b .D6 
082 0 4 |a 916 
049 |a TXAM 
130 0 |a Africa (Washington, D.C. : 1966) 
210 0 |a Africa  |b (Washington, D.C.) 
222 0 |a Africa  |b (Washington, D.C.) 
245 1 0 |a Africa. 
264 1 |a Washington, D.C. :  |b Stryker-Post Publications 
300 |a volumes :  |b illustrations, maps, portraits ;  |c 28 cm. 
310 |a Annual 
336 |a text  |b txt  |2 rdacontent 
337 |a unmediated  |b n  |2 rdamedia 
338 |a volume  |b nc  |2 rdacarrier 
362 1 |a Began with 1966. 
490 1 |a The World today series 
500 |a Volumes for 1966-1997 by P.E. Dostert; 1998-2007 by Charles H. Cutter; 2008- by J. Tyler Dickovick. 
515 |a Issues for <1989-> called also <24th annual ed.-> 
530 |a Also issued online. 
588 |a Description based on: 1967. 
588 |a Latest issue consulted: 1989. 
651 0 |a Africa  |v Periodicals. 
651 7 |a Africa.  |2 fast  |0 (OCoLC)fst01239509 
655 7 |a Reference works.  |2 fast  |0 (OCoLC)fst01919963 
655 4 |a Nonfiction. 
655 7 |a Reference works.  |2 lcgft 
655 7 |a Periodicals.  |2 fast  |0 (OCoLC)fst01411641 
700 1 |a Dostert, Pierre Etienne. 
700 1 |a Cutter, Charles Hickman,  |d 1938- 
700 1 |a Dickovick, J. Tyler,  |d 1973-2019. 
776 0 8 |i Online version:  |t Africa (Washington, D.C. : 1966)  |w (OCoLC)608211896 
830 0 |a World today series. 
850 |a CSf  |a DLC  |a InU  |a MiU  |a NNC  |a NcD  |a PU-W 
891 2 0 |9 853  |8 1  |a +ed.  |i (year)  |w a 
891 4 1 |9 863  |8 1.1  |a <37 >  |i <2002 > 
938 |a Brodart  |b BROD  |n 109554876 
994 |a C0  |b TXA 
949 |a updated  |b h  |c 2021/10/29  |e coplinger  |f 9:44:42 am 
999 f f |s 0fb1fc19-5c33-36cb-8814-fb5daa64408d  |i ca036215-ae71-33a9-b649-f563788088b4  |t 0 
952 f f |a Texas A&M University  |b College Station  |c Sterling C. Evans Library  |d Evans: Library Stacks  |e DT1 .D6  |h Library of Congress classification  |i unmediated -- volume  |k 47th ed.  |l 2012  |m A14841559285  |p normal  |s Evans stk  |t 0 
952 f f |a Texas A&M University  |b College Station  |c Sterling C. Evans Library  |d Evans: Library Stacks  |e DT1 .D6  |h Library of Congress classification  |i unmediated -- volume  |k 51st ed.  |l 2016/2017  |m A14843698557  |p normal  |s Evans stk  |t 0 
952 f f |a Texas A&M University  |b College Station  |c Sterling C. Evans Library  |d Evans: Library Stacks  |e DT1 .D6  |h Library of Congress classification  |i unmediated -- volume  |k 57th ed.  |l 2023/2024  |m A14851844259  |p normal  |s Evans stk  |t 0 
952 f f |a Texas A&M University  |b College Station  |c Sterling C. Evans Library  |d Evans: Library Stacks  |e DT1 .D6  |h Library of Congress classification  |i unmediated -- volume  |k 49th ed.  |l 2014/2015  |m A14842606981  |p normal  |s Evans stk  |t 0 
952 f f |a Texas A&M University  |b College Station  |c Sterling C. Evans Library  |d Evans: Library Stacks  |e DT1 .D6  |h Library of Congress classification  |i unmediated -- volume  |k 20th ed.  |l 1985  |m A14811251467  |p normal  |s Evans stk  |t 0 
952 f f |a Texas A&M University  |b College Station  |c Sterling C. Evans Library  |d Evans: Library Stacks  |e DT1 .D6  |h Library of Congress classification  |i unmediated -- volume  |k 22nd ed.  |l 1987  |m A14810964643  |p normal  |s Evans stk  |t 0 
952 f f |a Texas A&M University  |b College Station  |c Sterling C. Evans Library  |d Evans: Library Stacks  |e DT1 .D6  |h Library of Congress classification  |i unmediated -- volume  |k 58th ed.  |l 2024/2025  |m A14852195685  |p normal  |s Evans stk  |t 0 
952 f f |a Texas A&M University  |b College Station  |c Sterling C. Evans Library  |d Evans: Library Stacks  |e DT1 .D6  |h Library of Congress classification  |i unmediated -- volume  |k 31st ed.  |l 1996  |m A14820334117  |p normal  |s Evans stk  |t 0 
952 f f |a Texas A&M University  |b College Station  |c Sterling C. Evans Library  |d Evans: Library Stacks  |e DT1 .D6  |h Library of Congress classification  |i unmediated -- volume  |k 33rd ed.  |l 1998  |m A14823458431  |p normal  |s Evans stk  |t 0 
952 f f |a Texas A&M University  |b College Station  |c Sterling C. Evans Library  |d Evans: Library Stacks  |e DT1 .D6  |h Library of Congress classification  |i unmediated -- volume  |k 56th ed.  |l 2022/2023  |m A14851805383  |p normal  |s Evans stk  |t 0 
952 f f |a Texas A&M University  |b College Station  |c Sterling C. Evans Library  |d Evans: Library Stacks  |e DT1 .D6  |h Library of Congress classification  |i unmediated -- volume  |k 59th ed.  |l 2025/2026  |m A14852417014  |p normal  |s Evans stk  |t 0 
952 f f |a Texas A&M University  |b College Station  |c Sterling C. Evans Library  |d Evans: Library Stacks  |e DT1 .D6  |h Library of Congress classification  |i unmediated -- volume  |k 29th ed.  |l 1994  |m A14818511410  |p normal  |s Evans stk  |t 0 
952 f f |a Texas A&M University  |b College Station  |c Sterling C. Evans Library  |d Evans: Library Stacks  |e DT1 .D6  |h Library of Congress classification  |i unmediated -- volume  |k 43rd ed.  |l 2008  |m A14837276087  |p normal  |s Evans stk  |t 0 
952 f f |a Texas A&M University  |b College Station  |c Sterling C. Evans Library  |d Evans: Library Stacks  |e DT1 .D6  |h Library of Congress classification  |i unmediated -- volume  |k 26th ed.  |l 1991  |m A14815126062  |p normal  |s Evans stk  |t 0 
952 f f |a Texas A&M University  |b College Station  |c Sterling C. Evans Library  |d Evans: Library Stacks  |e DT1 .D6  |h Library of Congress classification  |i unmediated -- volume  |k 54th ed.  |l 2019/2020  |m A14850943300  |p normal  |s Evans stk  |t 0 
952 f f |a Texas A&M University  |b College Station  |c Sterling C. Evans Library  |d Evans: Library Stacks  |e DT1 .D6  |h Library of Congress classification  |i unmediated -- volume  |k 55th ed.  |l 2020/2022  |m A14851243445  |p normal  |s Evans stk  |t 0 
952 f f |a Texas A&M University  |b College Station  |c Sterling C. Evans Library  |d Evans: Library Stacks  |e DT1 .D6  |h Library of Congress classification  |i unmediated -- volume  |k 32nd ed.  |l 1997  |m A14822193850  |p normal  |s Evans stk  |t 0 
952 f f |a Texas A&M University  |b College Station  |c Sterling C. Evans Library  |d Evans: Library Stacks  |e DT1 .D6  |h Library of Congress classification  |i unmediated -- volume  |k 4th ed.  |l 1969  |m A14809073405  |p normal  |s Evans stk  |t 0 
952 f f |a Texas A&M University  |b College Station  |c Sterling C. Evans Library  |d Evans: Library Stacks  |e DT1 .D6  |h Library of Congress classification  |i unmediated -- volume  |k 9th ed.  |l 1974  |m A14818007576  |p normal  |s Evans stk  |t 0 
952 f f |a Texas A&M University  |b College Station  |c Sterling C. Evans Library  |d Evans: Library Stacks  |e DT1 .D6  |h Library of Congress classification  |i unmediated -- volume  |k 53rd ed.  |l 2018/2019  |m A14850626921  |p normal  |s Evans stk  |t 0 
952 f f |a Texas A&M University  |b College Station  |c Sterling C. Evans Library  |d Evans: Library Stacks  |e DT1 .D6  |h Library of Congress classification  |i unmediated -- volume  |k 19th ed.  |l 1984  |m A14808742548  |p normal  |s Evans stk  |t 0 
952 f f |a Texas A&M University  |b College Station  |c Sterling C. Evans Library  |d Evans: Library Stacks  |e DT1 .D6  |h Library of Congress classification  |i unmediated -- volume  |k 11th ed.  |l 1976  |m A14809054134  |p normal  |s Evans stk  |t 0 
952 f f |a Texas A&M University  |b College Station  |c Sterling C. Evans Library  |d Evans: Library Stacks  |e DT1 .D6  |h Library of Congress classification  |i unmediated -- volume  |k 37th ed.  |l 2002  |m A14828659642  |p normal  |s Evans stk  |t 0 
952 f f |a Texas A&M University  |b College Station  |c Sterling C. Evans Library  |d Evans: Library Stacks  |e DT1 .D6  |h Library of Congress classification  |i unmediated -- volume  |k 44th ed.  |l 2009  |m A14837485513  |p normal  |s Evans stk  |t 0 
952 f f |a Texas A&M University  |b College Station  |c Sterling C. Evans Library  |d Evans: Library Stacks  |e DT1 .D6  |h Library of Congress classification  |i unmediated -- volume  |k 24th ed.  |l 1989  |m A14812309831  |p normal  |s Evans stk  |t 0 
952 f f |a Texas A&M University  |b College Station  |c Sterling C. Evans Library  |d Evans: Library Stacks  |e DT1 .D6  |h Library of Congress classification  |i unmediated -- volume  |k 35th ed.  |l 2000  |m A14826068463  |p normal  |s Evans stk  |t 0 
952 f f |a Texas A&M University  |b College Station  |c Sterling C. Evans Library  |d Evans: Library Stacks  |e DT1 .D6  |h Library of Congress classification  |i unmediated -- volume  |k 21st ed.  |l 1986  |m A14811251475  |p normal  |s Evans stk  |t 0 
952 f f |a Texas A&M University  |b College Station  |c Sterling C. Evans Library  |d Evans: Library Stacks  |e DT1 .D6  |h Library of Congress classification  |i unmediated -- volume  |k 42nd ed.  |l 2007  |m A14834018032  |p normal  |s Evans stk  |t 0 
952 f f |a Texas A&M University  |b College Station  |c Sterling C. Evans Library  |d Evans: Library Stacks  |e DT1 .D6  |h Library of Congress classification  |i unmediated -- volume  |k 27th ed.  |l 1992  |m A14816167558  |p normal  |s Evans stk  |t 0 
952 f f |a Texas A&M University  |b College Station  |c Sterling C. Evans Library  |d Evans: Library Stacks  |e DT1 .D6  |h Library of Congress classification  |i unmediated -- volume  |k 48th ed.  |l 2013  |m A14842063050  |p normal  |s Evans stk  |t 0 
952 f f |a Texas A&M University  |b College Station  |c Sterling C. Evans Library  |d Evans: Library Stacks  |e DT1 .D6  |h Library of Congress classification  |i unmediated -- volume  |k 5th ed.  |l 1970  |m A14818007526  |p normal  |s Evans stk  |t 0 
952 f f |a Texas A&M University  |b College Station  |c Sterling C. Evans Library  |d Evans: Library Stacks  |e DT1 .D6  |h Library of Congress classification  |i unmediated -- volume  |k 45th ed.  |l 2010  |m A14839131974  |p normal  |s Evans stk  |t 0 
952 f f |a Texas A&M University  |b College Station  |c Sterling C. Evans Library  |d Evans: Library Stacks  |e DT1 .D6  |h Library of Congress classification  |i unmediated -- volume  |k 28th ed.  |l 1993  |m A14817379441  |p normal  |s Evans stk  |t 0 
952 f f |a Texas A&M University  |b College Station  |c Sterling C. Evans Library  |d Evans: Library Stacks  |e DT1 .D6  |h Library of Congress classification  |i unmediated -- volume  |j 2015  |k 50th ed.  |l 2015/2016  |m A14843155343  |p normal  |s Evans stk  |t 0 
952 f f |a Texas A&M University  |b College Station  |c Sterling C. Evans Library  |d Evans: Library Stacks  |e DT1 .D6  |h Library of Congress classification  |i unmediated -- volume  |k 23rd ed.  |l 1988  |m A14811312417  |p normal  |s Evans stk  |t 0 
952 f f |a Texas A&M University  |b College Station  |c Sterling C. Evans Library  |d Evans: Library Stacks  |e DT1 .D6  |h Library of Congress classification  |i unmediated -- volume  |k 36th ed.  |l 2001  |m A14827236899  |p normal  |s Evans stk  |t 0 
952 f f |a Texas A&M University  |b College Station  |c Sterling C. Evans Library  |d Evans: Library Stacks  |e DT1 .D6  |h Library of Congress classification  |i unmediated -- volume  |k 39th ed.  |l 2004  |m A14831416964  |p normal  |s Evans stk  |t 0 
952 f f |a Texas A&M University  |b College Station  |c Sterling C. Evans Library  |d Evans: Library Stacks  |e DT1 .D6  |h Library of Congress classification  |i unmediated -- volume  |k 38th ed.  |l 2003  |m A14830662960  |p normal  |s Evans stk  |t 0 
952 f f |a Texas A&M University  |b College Station  |c Sterling C. Evans Library  |d Evans: Library Stacks  |e DT1 .D6  |h Library of Congress classification  |i unmediated -- volume  |k 41st ed.  |l 2006  |m A14833982856  |p normal  |s Evans stk  |t 0 
952 f f |a Texas A&M University  |b College Station  |c Sterling C. Evans Library  |d Evans: Library Stacks  |e DT1 .D6  |h Library of Congress classification  |i unmediated -- volume  |k 30th ed.  |l 1995  |m A14819338700  |p normal  |s Evans stk  |t 0 
952 f f |a Texas A&M University  |b College Station  |c Sterling C. Evans Library  |d Evans: Library Stacks  |e DT1 .D6  |h Library of Congress classification  |i unmediated -- volume  |k 52nd ed.  |l 2017/2018  |m A14850215063  |p normal  |s Evans stk  |t 0 
952 f f |a Texas A&M University  |b College Station  |c Sterling C. Evans Library  |d Evans: Library Stacks  |e DT1 .D6  |h Library of Congress classification  |i unmediated -- volume  |k 40th ed.  |l 2005  |m A14831442004  |p normal  |s Evans stk  |t 0 
952 f f |a Texas A&M University  |b College Station  |c Sterling C. Evans Library  |d Evans: Library Stacks  |e DT1 .D6  |h Library of Congress classification  |i unmediated -- volume  |k 13th ed.  |l 1978  |m A14807751984  |p normal  |s Evans stk  |t 0 
952 f f |a Texas A&M University  |b College Station  |c Sterling C. Evans Library  |d Evans: Library Stacks  |e DT1 .D6  |h Library of Congress classification  |i unmediated -- volume  |k 25th ed.  |l 1990  |m A14813459257  |p normal  |s Evans stk  |t 0 
952 f f |a Texas A&M University  |b College Station  |c Sterling C. Evans Library  |d Evans: Library Stacks  |e DT1 .D6  |h Library of Congress classification  |i unmediated -- volume  |k 7th ed.  |l 1972  |m A14809054142  |p normal  |s Evans stk  |t 0 
952 f f |a Texas A&M University  |b College Station  |c Sterling C. Evans Library  |d Evans: Library Stacks  |e DT1 .D6  |h Library of Congress classification  |i unmediated -- volume  |k 15th ed.  |l 1980  |m A14807770653  |p normal  |s Evans stk  |t 0 
952 f f |a Texas A&M University  |b College Station  |c Sterling C. Evans Library  |d Evans: Library Stacks  |e DT1 .D6  |h Library of Congress classification  |i unmediated -- volume  |k 34th ed.  |l 1999  |m A14825164999  |p normal  |s Evans stk  |t 0 
952 f f |a Texas A&M University  |b College Station  |c Sterling C. Evans Library  |d Evans: Library Stacks  |e DT1 .D6  |h Library of Congress classification  |i unmediated -- volume  |k 3rd ed.  |l 1968  |m A14809073390  |p normal  |s Evans stk  |t 0 
952 f f |a Texas A&M University  |b College Station  |c Sterling C. Evans Library  |d Evans: Library Stacks  |e DT1 .D6  |h Library of Congress classification  |i unmediated -- volume  |k 46th ed.  |l 2011  |m A14841176778  |p normal  |s Evans stk  |t 0 
998 f f |a DT1 .D6  |s 19th-59th ed. (1984-2025/2026)  |t 0  |l Evans: Library Stacks